Ben-Hur: Una historia de los tiempos de Cristo / Lewis Wallace (Registro nro. 3325)

Detalles MARC
000 -LEADER
fixed length control field 00558nam a22002171a 4500
001 - CONTROL NUMBER
control field 3325
003 - CONTROL NUMBER IDENTIFIER
control field OSt
005 - DATE AND TIME OF LATEST TRANSACTION
control field 20260204211846.0
008 - FIXED-LENGTH DATA ELEMENTS--GENERAL INFORMATION
fixed length control field 040822s1990||||sp ||||||b||||||||||spa||
020 ## - NUMERO DE LIBRO INTERNACIONAL NORMALIZADO
International Standard Book Number 842073929
050 ## - LIBRARY OF CONGRESS CALL NUMBER
Classification number 813.5 W155b
082 ## - DEWEY DECIMAL CLASSIFICATION NUMBER
Classification number 808.83 W155b
100 ## - ASIENTO PRINCIPAL -- NOMBRE PERSONAL
Personal name Wallace, Lewis
245 ## - TÍTULO PROPIAMENTE DICHO: SUBTÍTULO
Title Ben-Hur: Una historia de los tiempos de Cristo / Lewis Wallace
264 ## - PRODUCTION, PUBLICATION, DISTRIBUTION, MANUFACTURE, AND COPYRIGHT NOTICE
Place of production, publication, distribution, manufacture España : ANAYA
300 ## - PHYSICAL DESCRIPTION
Extensión 640 p
490 ## - MENCIÓN DE SERIE
Series statement Serie tus libros No.103
500 ## - GENERAL NOTE
General note Incluye bibliografía
650 ## - ASIENTO SECUNDARIO DE MATERIA -- TERMINO TEMÁTICO
Termino Temático Como Elemento de Entrada Novela EstadounidenseÌ
942 ## - ADDED ENTRY ELEMENTS (KOHA)
Source of classification or shelving scheme Dewey Decimal Classification
Koha item type Libros
Existencias
Withdrawn status Lost status Source of classification or shelving scheme Damaged status Not for loan Current library Date acquired Total Checkouts Full call number Barcode Date last seen Price effective from Koha item type
    Dewey Decimal Classification     Biblioteca UTECO 09/09/2019   813.5 W155B 007599 09/09/2019 09/09/2019 Libros
© 2021 Derechos Reservados UTECO - Teléfono: +1 809-585-2291 - Correo electrónico: biblioteca@uteco.edu.do​  
Código postal 43000 ​​
Dirección: Avenida Universitaria No. 100, 
Cotuí, Provincia Sánchez Ramírez, República Dominicana - RNC: 404-00059-6